[Event "CYCC U08 w"]
[Site "Regina CAN"]
[Date "2019.07.07"]
[Round "2.2"]
[White "Aldaco Murayama, Sophia"]
[Black "Myrzaibraimova, Alia"]
[Result "1-0"]
[WhiteElo "872"]
[BlackElo "1208"]
[PlyCount "87"]
[EventDate "2019.07.07"]
[EventType "swiss"]
[EventRounds "7"]
[EventCountry "CAN"]

1. e4 e5 2. Nf3 Nc6 3. Bb5 Nf6 4. Nc3 d6 5. Bxc6+ bxc6 6. d3 h6 7. O-O Bg4 8.
h3 Bh5 9. Be3 g6 10. d4 Bxf3 11. Qxf3 Bg7 12. Rad1 Qe7 13. d5 c5 14. a3 O-O 15.
b4 cxb4 16. axb4 c5 17. b5 Rab8 18. Ra1 Rb6 19. Ra6 Rfb8 20. Rxb6 Rxb6 21. Rb1
a6 22. bxa6 Rxa6 23. Rb8+ Ne8 24. Qe2 Ra1+ 25. Nd1 Kh7 26. Kh2 Nf6 27. Nc3 Qc7
28. Qb5 Qe7 29. Rb7 Ng4+ 30. Kg3 Qd8 31. hxg4 Ra5 32. Qc6 h5 33. Rxf7 h4+ 34.
Kh3 Ra1 35. g3 Qa5 36. Bd2 Qb4 37. Qxd6 Qc4 38. Kxh4 Kh8 39. g5 Kh7 40. Qf8
Rh1+ 41. Kg4 Rh4+ 42. Kxh4 Qxe4+ 43. Nxe4 c4 44. Qxg7# 1-0

[Event "CYCC U08 w"]
[Site "Regina CAN"]
[Date "2019.07.07"]
[Round "2.3"]
[White "Wang, April"]
[Black "Guan, Isabelle"]
[Result "0-1"]
[WhiteElo "777"]
[BlackElo "729"]
[PlyCount "132"]
[EventDate "2019.07.07"]
[EventType "swiss"]
[EventRounds "7"]
[EventCountry "CAN"]

1. e4 e5 2. Nf3 Nc6 3. Nc3 Nf6 4. Bc4 Bc5 5. O-O O-O 6. d3 Nd4 7. Nxd4 Bxd4 8.
Bg5 Bxc3 9. bxc3 Rb8 10. Qf3 h6 11. Bxf6 Qxf6 12. Qxf6 gxf6 13. Rfe1 b5 14. Bb3
a5 15. a4 d6 16. Re3 Kh8 17. Rh3 Bxh3 18. gxh3 bxa4 19. Bxa4 Rg8+ 20. Kf1 Rg7
21. Bd7 Rbg8 22. Rxa5 Rg1+ 23. Ke2 Rh1 24. Ra7 c5 25. Bf5 Rg7 26. Ra8+ Rg8 27.
Ra7 Rg7 28. Ra8+ Rg8 29. Ra7 Rf8 30. Rd7 Rxh2 31. Rxd6 Kg7 32. Kf3 Rh1 33. Kg4
Rg1+ 34. Kh5 Rg2 35. Rd7 Rxf2 36. Be6 Rxc2 37. c4 Kg8 38. Kxh6 fxe6 39. Kg6 Ra8
40. Rg7+ Kh8 41. Kxf6 Rf2+ 42. Kg6 Rg2+ 43. Kf6 Rxg7 44. Kxe5 Rd8 45. Kf6 Rxd3
46. Ke5 Rxh3 47. Kf6 Rf3+ 48. Ke5 Rg5+ 49. Kd6 Rd3+ 50. Kc6 Re3 51. Kc7 Rxe4
52. Kc6 Rxc4 53. Kc7 Rg7+ 54. Kc6 e5 55. Kd5 Rc1 56. Ke4 Re1+ 57. Kd5 Rd7+ 58.
Kc6 c4 59. Kxd7 c3 60. Kd6 c2 61. Ke6 c1=Q 62. Kd5 Rd1+ 63. Ke6 Qc6+ 64. Kf5
Rf1+ 65. Kg5 Qg2+ 66. Kh6 Rh1# 0-1

[Event "CYCC U08 w"]
[Site "Regina CAN"]
[Date "2019.07.07"]
[Round "2.5"]
[White "Xiang, Isabella"]
[Black "Zeng, Chloe"]
[Result "0-1"]
[WhiteElo "326"]
[BlackElo "520"]
[PlyCount "56"]
[EventDate "2019.07.07"]
[EventType "swiss"]
[EventRounds "7"]
[EventCountry "CAN"]

1. e4 e5 2. Nf3 Nc6 3. Nc3 Nf6 4. Bb5 a6 5. Bxc6 dxc6 6. O-O Bc5 7. Nxe5 O-O 8.
d3 h6 9. h3 Be6 10. Bf4 g5 11. Bg3 h5 12. Qd2 g4 13. hxg4 hxg4 14. Qg5+ Kh7 15.
Qf4 Qe7 16. Qg5 Rg8 17. Ng6 fxg6 18. Qh4+ Nh5 19. Qxe7+ Bxe7 20. f3 Bc5+ 21.
Kh1 Nxg3+ 22. Kh2 Nxf1+ 23. Rxf1 Bd7 24. fxg4 Bxg4 25. Rf7+ Kh6 26. e5 Rh8 27.
Ne4 Bb6 28. Nf6 Kg5+ 0-1

[Event "CYCC U08 w"]
[Site "Regina CAN"]
[Date "2019.07.08"]
[Round "3.1"]
[White "Aldaco Murayama, Sophia"]
[Black "Chen, Rae"]
[Result "0-1"]
[WhiteElo "872"]
[BlackElo "1232"]
[PlyCount "60"]
[EventDate "2019.07.07"]
[EventType "swiss"]
[EventRounds "7"]
[EventCountry "CAN"]

1. e4 d5 2. Nc3 dxe4 3. Nxe4 Bf5 4. Nc3 Nc6 5. Bb5 Qd7 6. Nf3 O-O-O 7. O-O Bg4
8. h3 Bh5 9. d3 Nf6 10. Be3 a6 11. Bxc6 Qxc6 12. Qe2 e6 13. Rad1 h6 14. Rfe1 g5
15. b3 g4 16. hxg4 Bxg4 17. Na4 Rg8 18. Kf1 h5 19. Bf4 h4 20. Qe5 Nd5 21. c4
Nxf4 22. Qxf4 h3 23. Re3 hxg2+ 24. Kxg2 Bxf3+ 25. Kf1 Bxd1 26. Ke1 Qh1+ 27. Kd2
Bh6 28. Qxf7 Bxe3+ 29. fxe3 Rg2+ 30. Kc3 Qe1# 0-1

[Event "CYCC U08 w"]
[Site "Regina CAN"]
[Date "2019.07.08"]
[Round "3.2"]
[White "Myrzaibraimova, Alia"]
[Black "Guan, Isabelle"]
[Result "1-0"]
[WhiteElo "1208"]
[BlackElo "729"]
[PlyCount "155"]
[EventDate "2019.07.07"]
[EventType "swiss"]
[EventRounds "7"]
[EventCountry "CAN"]

1. e4 e5 2. Nf3 Nc6 3. Bc4 Bc5 4. b4 Bxb4 5. c3 Bc5 6. d4 exd4 7. O-O dxc3 8.
Bxf7+ Kxf7 9. Qd5+ Ke8 10. Qxc5 d6 11. Qxc3 Bg4 12. Qxg7 Qf6 13. Qxg4 Qxa1 14.
Qe6+ Nge7 15. Bg5 Qg7 16. Bf6 Qg8 17. Ng5 Qxe6 18. Nxe6 Rg8 19. Nxc7+ Kd7 20.
Nxa8 Rxa8 21. Bxe7 Nxe7 22. Rd1 Rc8 23. e5 Rc6 24. Na3 a6 25. exd6 Nd5 26. g3
Nc3 27. Rd2 Rxd6 28. Rb2 Rd1+ 29. Kg2 b5 30. Nc2 Rd2 31. a3 a5 32. Kf3 b4 33.
Ke3 bxa3 34. Rb7+ Kc6 35. Kxd2 Ne4+ 36. Ke3 Kxb7 37. Kxe4 a2 38. Na1 Kb6 39.
Kd3 Kb5 40. Kc3 a4 41. Kb2 Kb4 42. Kxa2 a3 43. Nc2+ Kc3 44. Nxa3 Kd4 45. Nc2+
Ke4 46. f4 Kf5 47. Kb3 h5 48. Ne3+ Kf6 49. f5 Kf7 50. Kc4 Kf6 51. Kd5 Kf7 52.
Ke5 Kf8 53. Ke6 Ke8 54. h3 Kf8 55. Kf6 Ke8 56. Kg7 Ke7 57. f6+ Ke8 58. f7+ Ke7
59. f8=Q+ Ke6 60. Qf7+ Ke5 61. Qf6+ Ke4 62. Kg6 Kxe3 63. Qf5 Kd4 64. Qe6 Kc5
65. Qd7 Kc4 66. Qd6 Kb5 67. Qc7 Kb4 68. Qc6 Kb3 69. Qc5 Ka4 70. Qb6 Ka3 71. Qb5
Ka2 72. Qb4 Ka1 73. Kf5 h4 74. gxh4 Ka2 75. Ke4 Ka1 76. Kd3 Ka2 77. Kc2 Ka1 78.
Qb2# 1-0

[Event "CYCC U08 w"]
[Site "Regina CAN"]
[Date "2019.07.08"]
[Round "3.4"]
[White "Zeng, Chloe"]
[Black "Wang, April"]
[Result "1-0"]
[WhiteElo "520"]
[BlackElo "777"]
[PlyCount "87"]
[EventDate "2019.07.07"]
[EventType "swiss"]
[EventRounds "7"]
[EventCountry "CAN"]

1. e4 e5 2. Nf3 Nc6 3. Nc3 Nf6 4. Bc4 Bc5 5. O-O O-O 6. d3 d6 7. h3 h6 8. Bd2
Bd7 9. Qe2 Qe7 10. Be3 Bxe3 11. Qxe3 Rfe8 12. Rfe1 Nb4 13. Rac1 Be6 14. Bxe6
Qxe6 15. Nb5 Rac8 16. c3 Nxa2 17. Ra1 a6 18. Na7 Ra8 19. Rxa2 Qxa2 20. d4 Qxb2
21. dxe5 dxe5 22. Rd1 Qb3 23. Rd2 Red8 24. Rxd8+ Rxd8 25. Nxe5 Qd1+ 26. Kh2 Rd6
27. Qc5 Rd2 28. Qxc7 Qe2 29. Qxb7 Qxf2 30. Qxf7+ Kh7 31. Qg6+ Kh8 32. Nf7+ Kg8
33. c4 Nh5 34. c5 Nf4 35. Qg4 h5 36. Qg5 Ne6 37. Qg6 Nf4 38. Qg5 Nxg2 39. Qd8+
Kh7 40. Qh8+ Kg6 41. Ne5+ Kg5 42. Qxg7+ Kh4 43. Qe7+ Qf6 44. Qxf6# 1-0

[Event "CYCC U08 w"]
[Site "Regina CAN"]
[Date "2019.07.08"]
[Round "4.1"]
[White "Chen, Rae"]
[Black "Myrzaibraimova, Alia"]
[Result "1-0"]
[WhiteElo "1232"]
[BlackElo "1208"]
[PlyCount "95"]
[EventDate "2019.07.07"]
[EventType "swiss"]
[EventRounds "7"]
[EventCountry "CAN"]

1. d4 d5 2. Nf3 Nf6 3. e3 Bg4 4. h3 Bh5 5. Be2 e6 6. O-O Bd6 7. Ne5 Bxe2 8.
Qxe2 O-O 9. b3 c6 10. Bb2 Qc7 11. f4 Nbd7 12. Nd2 a6 13. g4 Bxe5 14. fxe5 Ne4
15. Nxe4 dxe4 16. g5 Rad8 17. Qh5 Nb6 18. Rf4 f5 19. gxf6 Qf7 20. Qg4 Qg6 21.
Qxg6 hxg6 22. fxg7 Kxg7 23. Rxe4 Rf7 24. Rf1 Re7 25. c4 Rh8 26. h4 Rh5 27. Rf6
Re8 28. Rg4 Rh6 29. Ba3 Nd7 30. Rf3 b6 31. Rgf4 Nb8 32. Rf7+ Kg8 33. Rf8+ Rxf8
34. Rxf8+ Kg7 35. Rxb8 Rxh4 36. Rxb6 Kh6 37. Rxc6 Kg5 38. Rxe6 Kg4 39. d5 Kg3
40. d6 Rh2 41. Rxg6+ Kh3 42. d7 Rd2 43. Rd6 Rg2+ 44. Kf1 Rh2 45. d8=Q Rh1+ 46.
Ke2 Rh2+ 47. Kf3 Rg2 48. Qh8# 1-0

[Event "CYCC U08 w"]
[Site "Regina CAN"]
[Date "2019.07.08"]
[Round "4.2"]
[White "Guan, Marie"]
[Black "Aldaco Murayama, Sophia"]
[Result "1-0"]
[WhiteElo "864"]
[BlackElo "872"]
[PlyCount "127"]
[EventDate "2019.07.07"]
[EventType "swiss"]
[EventRounds "7"]
[EventCountry "CAN"]

1. Nf3 d5 2. Nc3 Nf6 3. d4 c5 4. e3 Bg4 5. h3 Bxf3 6. Qxf3 cxd4 7. exd4 Nc6 8.
Be3 e5 9. dxe5 Nxe5 10. Qe2 Rc8 11. Bd4 Bd6 12. Bxe5 Bxe5 13. Qxe5+ Qe7 14.
Qxe7+ Kxe7 15. g3 Rhe8 16. O-O-O Red8 17. Re1+ Kd6 18. Rd1 Kc7 19. h4 Ne4 20.
Nxe4 dxe4 21. Bh3 Rxd1+ 22. Rxd1 Rd8 23. Rxd8 Kxd8 24. Bf5 Ke7 25. Bxe4 b6 26.
h5 g6 27. hxg6 fxg6 28. c4 Kd6 29. f4 Kc5 30. b3 Kd4 31. Bc2 Ke3 32. f5 gxf5
33. Bxf5 h5 34. Bg6 Kf3 35. Bxh5+ Kxg3 36. b4 Kh4 37. Be2 Kg3 38. c5 Kf2 39. c6
Kxe2 40. c7 Kd3 41. c8=Q a5 42. bxa5 bxa5 43. Qa6+ Kc3 44. Qxa5+ Kd4 45. Qa4+
Kc5 46. Kb2 Kb6 47. Kc3 Kc5 48. Qb3 Kd6 49. Qc4 Ke5 50. Qd3 Kf4 51. Qe2 Kf5 52.
Qe3 Kg4 53. Qf2 Kg5 54. Qf3 Kg6 55. Qf4 Kg7 56. Qf5 Kg8 57. Qf6 Kh7 58. Qg5 Kh8
59. a4 Kh7 60. a5 Kh8 61. a6 Kh7 62. a7 Kh8 63. a8=Q+ Kh7 64. Qag8# 1-0

[Event "CYCC U08 w"]
[Site "Regina CAN"]
[Date "2019.07.08"]
[Round "4.4"]
[White "Wang, April"]
[Black "Schaffer, Taya Isabelle"]
[Result "1-0"]
[WhiteElo "777"]
[BlackElo "699"]
[PlyCount "35"]
[EventDate "2019.07.07"]
[EventType "swiss"]
[EventRounds "7"]
[EventCountry "CAN"]

1. e4 Nf6 2. Nc3 e5 3. Nf3 Nc6 4. Bc4 d5 5. exd5 g6 6. dxc6 bxc6 7. Nxe5 Bg7 8.
Nxf7 Qd7 9. Nxh8 Bxh8 10. O-O h5 11. d4 g5 12. Bxg5 a6 13. Re1+ Kd8 14. Qe2 a5
15. Qe5 a4 16. Bxf6+ Bxf6 17. Qxf6+ Qe7 18. Qxe7# 1-0

[Event "CYCC U08 w"]
[Site "Regina CAN"]
[Date "2019.07.08"]
[Round "4.5"]
[White "Guan, Isabelle"]
[Black "Xiang, Isabella"]
[Result "1-0"]
[WhiteElo "729"]
[BlackElo "326"]
[PlyCount "57"]
[EventDate "2019.07.07"]
[EventType "swiss"]
[EventRounds "7"]
[EventCountry "CAN"]

1. e4 e5 2. Nf3 Nc6 3. Bc4 Nf6 4. Ng5 Bb4 5. Nxf7 Rf8 6. Nxd8 Kxd8 7. O-O d6 8.
Nc3 Bxc3 9. dxc3 Bg4 10. f3 Bh5 11. Bg5 Na5 12. Bd5 c6 13. Bxf6+ gxf6 14. Be6
Re8 15. Bg4 Bxg4 16. fxg4 Nc4 17. Rxf6 Ke7 18. Rh6 Rh8 19. b3 Ne3 20. Qxd6+ Ke8
21. Qxe5+ Kf8 22. Qxh8+ Ke7 23. Qxa8 Nxg4 24. Rxh7+ Kf6 25. Qxb7 Ne3 26. Qxc6+
Ke5 27. Qc5+ Kxe4 28. Rh4+ Ng4 29. Rxg4# 1-0

[Event "CYCC U08 w"]
[Site "Regina CAN"]
[Date "2019.07.09"]
[Round "5.1"]
[White "Zeng, Chloe"]
[Black "Chen, Rae"]
[Result "0-1"]
[WhiteElo "520"]
[BlackElo "1232"]
[PlyCount "66"]
[EventDate "2019.07.07"]
[EventType "swiss"]
[EventRounds "7"]
[EventCountry "CAN"]

1. e4 d5 2. Bb5+ c6 3. Be2 dxe4 4. d3 exd3 5. cxd3 Nf6 6. Nc3 Bf5 7. Bf3 Bxd3
8. Be2 Bxe2 9. Qxd8+ Kxd8 10. Ncxe2 e5 11. Nf3 e4 12. Ne5 b5 13. Nxf7+ Ke7 14.
Nxh8 Nbd7 15. O-O Ke6 16. Nf4+ Ke7 17. Bd2 g5 18. Bb4+ c5 19. Bxc5+ Nxc5 20.
Nhg6+ hxg6 21. Nxg6+ Ke6 22. Nxf8+ Rxf8 23. f3 e3 24. Rfe1 Nd5 25. g3 Rxf3 26.
Kg2 Rf2+ 27. Kg1 Nd3 28. Rf1 Ke5 29. h4 gxh4 30. gxh4 Kf4 31. Rxf2+ exf2+ 32.
Kf1 Kf3 33. h5 Ne3# 0-1

[Event "CYCC U08 w"]
[Site "Regina CAN"]
[Date "2019.07.09"]
[Round "5.2"]
[White "Myrzaibraimova, Alia"]
[Black "Guan, Marie"]
[Result "1-0"]
[WhiteElo "1208"]
[BlackElo "864"]
[PlyCount "47"]
[EventDate "2019.07.07"]
[EventType "swiss"]
[EventRounds "7"]
[EventCountry "CAN"]

1. e4 c5 2. Nf3 d6 3. c3 Nf6 4. Be2 Nxe4 5. Qa4+ Qd7 6. Bb5 Nc6 7. Qxe4 a6 8.
Ba4 b5 9. Bb3 a5 10. O-O a4 11. Bd5 Bb7 12. Ng5 e6 13. Nxf7 Kxf7 14. Qf3+ Ke8
15. Re1 Qf7 16. Rxe6+ Be7 17. Qe3 Ra6 18. Rxd6 Kf8 19. Bxf7 Na5 20. Qf4 Rxd6
21. Bh5+ Rf6 22. Qb8+ Bc8 23. Qxc8+ Bd8 24. Qxd8# 1-0

[Event "CYCC U08 w"]
[Site "Regina CAN"]
[Date "2019.07.09"]
[Round "5.3"]
[White "Aldaco Murayama, Sophia"]
[Black "Wang, April"]
[Result "1-0"]
[WhiteElo "872"]
[BlackElo "777"]
[PlyCount "107"]
[EventDate "2019.07.07"]
[EventType "swiss"]
[EventRounds "7"]
[EventCountry "CAN"]

1. e4 e5 2. Nf3 Nc6 3. Bb5 a6 4. Ba4 b5 5. Bb3 Bc5 6. O-O Nf6 7. Re1 O-O 8. Ng5
h6 9. Nxf7 Nd4 10. Nxd8+ Rf7 11. Bxf7+ Kf8 12. Bd5 c6 13. Bb3 Ng4 14. Qxg4 d6
15. Qg6 Ke7 16. Qxg7+ Ke8 17. Qf7+ Kxd8 18. Qf8+ Kc7 19. d3 Bb7 20. Qxh6 a5 21.
g4 a4 22. Bf7 Nxc2 23. Re2 Nxa1 24. Qg7 Bc8 25. g5 Bg4 26. Be6+ Kb6 27. Bxg4
Ra7 28. g6 Rxg7 29. Bf5 b4 30. Bh6 Rg8 31. Kg2 b3 32. a3 Rh8 33. Bg7 Rg8 34.
Bh6 Rh8 35. Bg7 Rg8 36. Bf6 Rf8 37. Be7 Re8 38. Bg5 d5 39. exd5 Rf8 40. g7 Rg8
41. Bf6 cxd5 42. Rxe5 d4 43. Bh7 Rc8 44. g8=R Rc6 45. Bd8+ Kb5 46. Bf5 Rd6 47.
Be7 Rc6 48. Bd7 Kb6 49. Bxc6 Kxc6 50. Rxc5+ Kb6 51. Rb8+ Ka7 52. Bd6 Ka6 53.
Bc7 Ka7 54. Ra5# 1-0

[Event "CYCC U08 w"]
[Site "Regina CAN"]
[Date "2019.07.09"]
[Round "5.4"]
[White "Schaffer, Taya Isabelle"]
[Black "Guan, Isabelle"]
[Result "0-1"]
[WhiteElo "699"]
[BlackElo "729"]
[PlyCount "35"]
[EventDate "2019.07.07"]
[EventType "swiss"]
[EventRounds "7"]
[EventCountry "CAN"]

1. e4 e5 2. Nf3 Nc6 3. Bc4 Nf6 4. c3 Nxe4 5. Qb3 Nd6 6. Bd3 e4 7. Bc2 exf3 8.
gxf3 Na5 9. Qa3 Nac4 10. Qa4 Ne5 11. d4 Nxf3+ 12. Kd1 b5 13. Qb4 a5 14. Qb3 a4
15. Qa3 Nf5 16. b3 Bxa3 17. Nxa3 axb3 18. axb3 {...} 0-1

[Event "CYCC U08 w"]
[Site "Regina CAN"]
[Date "2019.07.09"]
[Round "6.1"]
[White "Chen, Rae"]
[Black "Wang, April"]
[Result "1-0"]
[WhiteElo "1232"]
[BlackElo "777"]
[PlyCount "41"]
[EventDate "2019.07.07"]
[EventType "swiss"]
[EventRounds "7"]
[EventCountry "CAN"]

1. d4 d5 2. Nf3 Nc6 3. c4 dxc4 4. e4 Be6 5. d5 Bg4 6. dxc6 bxc6 7. Bxc4 Qxd1+
8. Kxd1 Nf6 9. Nc3 Rd8+ 10. Kc2 e6 11. Bf4 Rd7 12. Ne5 Rd6 13. Nxg4 Rd7 14.
Nxf6+ gxf6 15. Rad1 Rxd1 16. Rxd1 e5 17. Be3 a5 18. f4 Bb4 19. fxe5 fxe5 20.
Bg5 Rg8 21. Rd8# 1-0

[Event "CYCC U08 w"]
[Site "Regina CAN"]
[Date "2019.07.09"]
[Round "6.2"]
[White "Zeng, Chloe"]
[Black "Myrzaibraimova, Alia"]
[Result "0-1"]
[WhiteElo "520"]
[BlackElo "1208"]
[PlyCount "54"]
[EventDate "2019.07.07"]
[EventType "swiss"]
[EventRounds "7"]
[EventCountry "CAN"]

1. e4 e6 2. Nf3 d5 3. Bb5+ c6 4. Ba4 Nd7 5. exd5 cxd5 6. O-O Ngf6 7. Nc3 Bc5 8.
Ne5 Qa5 9. Nxd7 Bxd7 10. Bxd7+ Nxd7 11. Re1 O-O 12. a3 Qb6 13. Na4 Bxf2+ 14.
Kf1 Qb5+ 15. Kxf2 Qxa4 16. b3 Qd4+ 17. Kf1 Qxa1 18. Bb2 Qxb2 19. Re3 Qxa3 20.
Rg3 Qa6+ 21. d3 Nf6 22. h4 Ne4 23. h5 Nxg3+ 24. Kf2 Qd6 25. Qf3 Nf5 26. Qg4
Qc5+ 27. Kf3 Qe3# 0-1

[Event "CYCC U08 w"]
[Site "Regina CAN"]
[Date "2019.07.09"]
[Round "6.3"]
[White "Guan, Isabelle"]
[Black "Guan, Marie"]
[Result "0-1"]
[WhiteElo "729"]
[BlackElo "864"]
[PlyCount "100"]
[EventDate "2019.07.07"]
[EventType "swiss"]
[EventRounds "7"]
[EventCountry "CAN"]

1. e4 e5 2. Nf3 Nc6 3. Bc4 Bc5 4. O-O Nf6 5. Ng5 O-O 6. Nf3 Nxe4 7. Qe2 d5 8.
Bd3 Nf6 9. Nxe5 Re8 10. Nxc6 Rxe2 11. Nxd8 Re8 12. Nc3 Rxd8 13. Nb5 a6 14. Nxc7
Ra7 15. Re1 Bb6 16. Re7 Rd7 17. Rxd7 Bxd7 18. Nxd5 Nxd5 19. Bc4 Nf6 20. d3 Ra8
21. Bg5 Bb5 22. Bxb5 axb5 23. Re1 Rxa2 24. b3 Ba5 25. Rb1 Rxc2 26. h3 Bd2 27.
Ra1 h6 28. Bxd2 Rxd2 29. Rc1 Rxd3 30. b4 Rb3 31. Rc8+ Kh7 32. Rc7 Rxb4 33. Rxb7
Kg6 34. g3 Rb1+ 35. Kg2 Rb2 36. h4 Ne4 37. Kf3 Nxf2 38. g4 Nd3 39. h5+ Kf6 40.
Rb6+ Kg5 41. Rd6 Ne5+ 42. Kg3 Rb3+ 43. Kf2 Nxg4+ 44. Ke1 Rb2 45. Rd5+ Kf4 46.
Rd4+ Ke3 47. Rd1 Re2+ 48. Kf1 Nh2+ 49. Kg1 Nf3+ 50. Kf1 Rf2# 0-1

[Event "CYCC U08 w"]
[Site "Regina CAN"]
[Date "2019.07.09"]
[Round "6.4"]
[White "Sorgard, Lydia"]
[Black "Aldaco Murayama, Sophia"]
[Result "0-1"]
[WhiteElo "699"]
[BlackElo "872"]
[PlyCount "54"]
[EventDate "2019.07.07"]
[EventType "swiss"]
[EventRounds "7"]
[EventCountry "CAN"]

1. e4 e5 2. Nf3 Nc6 3. Nc3 Nf6 4. d3 d6 5. Bg5 Bg4 6. d4 Bxf3 7. Qxf3 Nxd4 8.
Nd5 Nxf3+ 9. gxf3 c6 10. Nxf6+ gxf6 11. Bh4 d5 12. exd5 cxd5 13. Bb5+ Ke7 14.
Rg1 Rc8 15. Rd1 Rxc2 16. Rd3 Rc1+ 17. Ke2 Rxg1 18. Ra3 a6 19. Bd3 Qd6 20. Bf5
Rg2 21. Rd3 Rxh2 22. Bg3 Rh1 23. Re3 Bh6 24. Rc3 d4 25. Rc8 Rxc8 26. Bxc8 Qb4
27. a3 Qd2# 0-1

[Event "CYCC U08 w"]
[Site "Regina CAN"]
[Date "2019.07.10"]
[Round "7.1"]
[White "Schaffer, Taya Isabelle"]
[Black "Chen, Rae"]
[Result "0-1"]
[WhiteElo "699"]
[BlackElo "1232"]
[PlyCount "72"]
[EventDate "2019.07.07"]
[EventType "swiss"]
[EventRounds "7"]
[EventCountry "CAN"]

1. Nf3 d5 2. Nc3 Nc6 3. d4 Bf5 4. h3 Nb4 5. a3 Nxc2+ 6. Kd2 Nxa1 7. g4 Bg6 8.
b3 Bc2 9. Qe1 Bxb3 10. e3 Nc2 11. Qe2 Nf6 12. h4 c6 13. g5 Ne4+ 14. Kd3 Bc4+
15. Kxc2 Bxe2 16. Bxe2 e6 17. h5 Nxg5 18. Nxg5 Qxg5 19. a4 Qg2 20. Re1 Bd6 21.
Nd1 O-O 22. e4 Qxe4+ 23. Bd3 Qxd4 24. Bb2 Qxa4+ 25. Kd2 Bf4+ 26. Ne3 d4 27. Ke2
dxe3 28. fxe3 Bc7 29. Rd1 b5 30. Rg1 e5 31. h6 g6 32. Rg5 Qa2 33. Bc2 Qxb2 34.
Kd2 Rad8+ 35. Ke1 Qxc2 36. Kf1 Rd1# 0-1

[Event "CYCC U08 w"]
[Site "Regina CAN"]
[Date "2019.07.10"]
[Round "7.2"]
[White "Aldaco Murayama, Sophia"]
[Black "Guan, Isabelle"]
[Result "1-0"]
[WhiteElo "872"]
[BlackElo "729"]
[PlyCount "69"]
[EventDate "2019.07.07"]
[EventType "swiss"]
[EventRounds "7"]
[EventCountry "CAN"]

1. e4 c5 2. Nf3 d6 3. c4 Nf6 4. Nc3 g6 5. b3 Bg7 6. Bb2 Nxe4 7. Nxe4 Bxb2 8.
Rb1 Bg7 9. g3 Bf5 10. d3 Nc6 11. Bg2 Nb4 12. a3 Nc6 13. O-O O-O 14. Re1 Qa5 15.
a4 Bg4 16. Re3 Bd4 17. Re1 Ne5 18. Nxd4 cxd4 19. Ng5 Bf5 20. g4 Bxd3 21. Rc1 f5
22. gxf5 Bxf5 23. Qxd4 Qb6 24. c5 Nc6 25. Qd5+ Kh8 26. cxb6 axb6 27. Nf7+ Kg8
28. Nxd6+ Kh8 29. Nxb7 Nb4 30. Qe5+ Kg8 31. Bd5+ Nxd5 32. Qxd5+ Kh8 33. Rxe7
Bh3 34. Qe5+ Kg8 35. Qg7# 1-0

[Event "CYCC U08 w"]
[Site "Regina CAN"]
[Date "2019.07.10"]
[Round "7.3"]
[White "Guan, Marie"]
[Black "Zeng, Chloe"]
[Result "1-0"]
[WhiteElo "864"]
[BlackElo "520"]
[PlyCount "33"]
[EventDate "2019.07.07"]
[EventType "swiss"]
[EventRounds "7"]
[EventCountry "CAN"]

1. e4 e5 2. Nf3 Nc6 3. Nc3 Nf6 4. Nd5 Nxd5 5. exd5 Nd4 6. Nxd4 exd4 7. Qe2+ Be7
8. b3 O-O 9. Bb2 Bc5 10. O-O-O d6 11. b4 Bb6 12. Qh5 Re8 13. Bd3 Kf8 14. Rde1
Rxe1+ 15. Rxe1 Bd7 16. Qxh7 a6 17. Qh8# 1-0

[Event "CYCC U10"]
[Site "Regina CAN"]
[Date "2019.07.07"]
[Round "1.32"]
[White "Han, Jonathan"]
[Black "Xu, Joey"]
[Result "1-0"]
[WhiteElo "2026"]
[BlackElo "950"]
[PlyCount "159"]
[EventDate "2019.07.07"]
[EventType "swiss"]
[EventRounds "7"]
[EventCountry "CAN"]

1. e4 e5 2. Nf3 Nc6 3. Bc4 Bc5 4. c3 Nf6 5. d3 h6 6. O-O d6 7. Nbd2 O-O 8. Bb3
Bg4 9. h3 Bh5 10. Re1 Qe7 11. Nf1 Rad8 12. Ng3 Rfe8 13. Nxh5 Nxh5 14. Nh2 Nf4
15. d4 Bb6 16. Qg4 Qf6 17. Bc2 Qg6 18. Qf3 Qf6 19. Ng4 Qg5 20. g3 Nxh3+ 21. Kg2
Qg6 22. Kxh3 exd4 23. Bd2 Qe6 24. Bb3 Ne5 25. Qf5 Qxf5 26. exf5 Nxg4 27. Kxg4
dxc3 28. Bxc3 Bxf2 29. Rxe8+ Rxe8 30. Kf3 Bc5 31. Re1 Rxe1 32. Bxe1 Kf8 33. Bf2
Bxf2 34. Kxf2 Ke7 35. Kf3 f6 36. Ke4 c6 37. Kd4 b6 38. Be6 d5 39. Ke3 Kd6 40.
Kf4 c5 41. Bf7 c4 42. Be8 a6 43. Ba4 b5 44. Bd1 d4 45. Ke4 Kc5 46. a3 c3 47.
bxc3 dxc3 48. Kd3 b4 49. axb4+ Kxb4 50. Kc2 a5 51. g4 Kc4 52. Bf3 a4 53. Bc6 a3
54. Be8 Kb4 55. Bf7 Kc5 56. Kxc3 Kd6 57. Kb3 Ke7 58. Bh5 Kd6 59. Kxa3 Kc5 60.
Ka4 Kc4 61. Bf7+ Kc5 62. Kb3 Kd4 63. Kc2 Ke3 64. Kc3 Kf3 65. Bh5 Ke3 66. Kc4
Ke4 67. Kc5 Kf4 68. Kd6 Kg5 69. Ke7 Kf4 70. Kf7 Kg5 71. Kxg7 Kh4 72. Kxf6 Kg3
73. Kg6 Kf4 74. f6 Ke5 75. f7 Kf4 76. f8=Q+ Kg3 77. Kf5 Kh4 78. Qf6+ Kh3 79.
Qe5 Kh4 80. Qh2# 1-0

[Event "CYCC U10"]
[Site "Regina CAN"]
[Date "2019.07.07"]
[Round "1.33"]
[White "Johnson, William"]
[Black "Shi, Michael"]
[Result "0-1"]
[WhiteElo "935"]
[BlackElo "1856"]
[PlyCount "52"]
[EventDate "2019.07.07"]
[EventType "swiss"]
[EventRounds "7"]
[EventCountry "CAN"]

1. e4 e5 2. Nf3 Nc6 3. Bc4 Bc5 4. Nc3 Nf6 5. d3 h6 6. O-O d6 7. h3 O-O 8. Bd2
Be6 9. a3 a6 10. b4 Ba7 11. Bd5 Qd7 12. Qc1 Nh7 13. Bxh6 gxh6 14. Qxh6 Qe7 15.
Bxe6 Qxe6 16. Qxh7+ Kxh7 17. Ng5+ Kg6 18. Nxe6 fxe6 19. g4 Bd4 20. Ne2 Bxa1 21.
Rxa1 Rf3 22. Kg2 Raf8 23. Ng3 Rxf2+ 24. Kg1 Rxc2 25. h4 Rff2 26. h5+ Kg5 0-1

[Event "CYCC U10"]
[Site "Regina CAN"]
[Date "2019.07.07"]
[Round "1.34"]
[White "Lin, Leo"]
[Black "Chen, Tom"]
[Result "1-0"]
[WhiteElo "1778"]
[BlackElo "907"]
[PlyCount "75"]
[EventDate "2019.07.07"]
[EventType "swiss"]
[EventRounds "7"]
[EventCountry "CAN"]

1. Nf3 d5 2. c4 dxc4 3. Na3 Nc6 4. Nxc4 Nf6 5. d4 Bf5 6. e3 e6 7. a3 Bd6 8. Bd3
Bg6 9. O-O a6 10. Re1 b5 11. Nxd6+ cxd6 12. Qc2 Rc8 13. Bxg6 fxg6 14. Qb3 d5
15. Ng5 Qa5 16. Rd1 e5 17. Bd2 Qc7 18. Ne6 Qd7 19. Nc5 Qa7 20. Rac1 O-O 21.
dxe5 Nxe5 22. Ne6 Rfe8 23. Rxc8 Rxc8 24. Nf4 Nc6 25. Bc3 Qb8 26. Bxf6 gxf6 27.
Nxd5 Nd8 28. Nxf6+ Kg7 29. Nd5 Qd6 30. Qc3+ Kh6 31. e4 Qe6 32. Rd3 g5 33. Rh3+
Kg6 34. f4 Qd6 35. f5+ Kf7 36. Rxh7+ Ke8 37. Qh8+ Qf8 38. Nf6# 1-0

[Event "CYCC U10"]
[Site "Regina CAN"]
[Date "2019.07.07"]
[Round "1.35"]
[White "Li, Anthony Zongyue"]
[Black "Yang, Ryan"]
[Result "0-1"]
[WhiteElo "847"]
[BlackElo "1704"]
[PlyCount "65"]
[EventDate "2019.07.07"]
[EventType "swiss"]
[EventRounds "7"]
[EventCountry "CAN"]

1. d4 d5 2. Nf3 Nf6 3. e3 e6 4. Bd3 Bd6 5. Nbd2 c5 6. c3 cxd4 7. exd4 h6 8. O-O
O-O 9. Re1 Nc6 10. Qc2 Bd7 11. Ne5 Rc8 12. Ndf3 Qe7 13. Bf4 Nb4 14. Qd2 Nxd3
15. Qxd3 Be8 16. Rad1 Nd7 17. Qe3 Nxe5 18. dxe5 Bc5 19. Qd2 Bc6 20. Bxh6 gxh6
21. Qxh6 f5 22. Ng5 Bd7 23. Rd3 Qg7 24. Qh5 f4 25. Rf1 Rf5 26. h4 Be7 27. g4
fxg3 28. Nxe6 Rxh5 29. Nxg7 Kxg7 30. Rxd5 gxf2+ 31. Kxf2 Bxh4+ 32. Kf3 Rf8+ 33.
Ke4 {...} 0-1

[Event "CYCC U10"]
[Site "Regina CAN"]
[Date "2019.07.07"]
[Round "1.36"]
[White "Darvekar, Yash"]
[Black "Yu, Ryan Bole"]
[Result "1-0"]
[WhiteElo "1644"]
[BlackElo "841"]
[PlyCount "65"]
[EventDate "2019.07.07"]
[EventType "swiss"]
[EventRounds "7"]
[EventCountry "CAN"]

1. e4 e5 2. Nf3 Nc6 3. Bb5 Nf6 4. O-O d6 5. Nc3 Bg4 6. Bxc6+ bxc6 7. d3 Be7 8.
Be3 O-O 9. h3 Bh5 10. d4 exd4 11. Bxd4 Qd7 12. e5 Ne8 13. Ne4 Bh4 14. Qd3 Bxf3
15. Qxf3 Qe6 16. Rfe1 Qd5 17. Qg4 Qxd4 18. Nf6+ Bxf6 19. Qxd4 Bxe5 20. Qb4 a5
21. Qb7 Rd8 22. Qxc6 Bxb2 23. Rab1 Be5 24. Rbd1 Rb8 25. Re2 Rb6 26. Qd5 Nf6 27.
Qxa5 h6 28. a4 Re8 29. Rde1 Kh7 30. Qd2 Ra8 31. c3 Rxa4 32. Qc2+ Re4 33. Rxe4
1-0